000 00549nam a2200169 a 4500
001 000033066
005 20240223170016.0
008 110809s1962 dr 000 0 spa d
040 _aDO-SdBNP
_bspa
_cBNPHU
100 1 _aGarrido, Víctor
_938794
245 1 0 _aPolítica de Francia en Santo Domingo 1844-1846. /
_cVíctor Garrido.
260 _aSanto Domingo :
_bEditora del Caribe,
_c1962.
300 _a153 p ;
_c24 cm.
490 1 _aAcademia Dominicana de la Historia
_v11
830 _aAcademia Dominicana de la Historia
_v11
_9770
049 _aBNPD
999 _c32557
_d32557